Budovanie systémov riadenia akosti výrobkov podľa noriem ISO a ich overovanie : Habilitačná práca /
Salvato in:
| Autore principale: | |
|---|---|
| Natura: | Manoscritto Libro |
| Lingua: | slovacco |
| Pubblicazione: |
Bratislava :
STU v Bratislave SjF,
1992
|
| Soggetti: | |
| Tags: |
Nessun Tag, puoi essere il primo ad aggiungerne!!
|
MARC
| LEADER | 00000ntm a22000003a 4500 | ||
|---|---|---|---|
| 001 | stu45698 | ||
| 005 | 20150617225715.6 | ||
| 008 | 970304s1992----cs------------------slo-d | ||
| 040 | |a STU |b slo | ||
| 041 | 0 | |a slo | |
| 044 | |a cs | ||
| 080 | |a 658.56(043.5) | ||
| 100 | 1 | |a Hekelová, Edita, |d 1954- |4 aut |u J120 |U SjF Ústav výrobných systémov, enviromentálnej techniky a manažment kvality |T SjF Katedra výrobných systémov |X 2429 |U J120 |Y 38 |7 A000002429 | |
| 245 | 1 | |a Budovanie systémov riadenia akosti výrobkov podľa noriem ISO a ich overovanie : |b Habilitačná práca / |c [aut.]Ing.CSc.Edita Hekelová | |
| 260 | |a Bratislava : |b STU v Bratislave SjF, |c 1992 | ||
| 300 | |a 104 s | ||
| 650 | 7 | |a TQM |2 stusub | |
| 650 | 7 | |a ISO |2 stusub | |
| 650 | 7 | |a práce habilitačné |2 stusub | |
| 996 | |b . |c M* HP-91 |l MMSKP |s P |a 0 |w stu45698_0002 | ||